00567nas a22001697a 4500008004100000022001300041245008200054260005700136300000900193310001400202546002300216590005300239590005000292650002800342942001200370999001500382120704t19819999sp ||||| |||| 00| 0 spa d a02126567 aAtención PrimariacSociedad Española de Medicina de Familia y Comunitaria aBarcelona :bPublicaciones Profesionales S.A.,c1981 av. : aquincenal aTexto en español aExistencias: 1986 3(1-3); 1996 17(1-9) 18(1-10)  aIndizada en: Index Medicus, Excerpta Médica aATENCION PRIMARIA91742 2ddccCR c1059d1059